00603nam a2200217 a 450000100060000000300090000600800410001501500210005602000150007704000280009204100130012008200170013310000200015024500410017026000410021130000190025249000290027165000290030065000400032965000160036924541CO-ViMGA141112s2004 ck r 000 u spa d ack - 2005 - xxxx a9589758851 aCO-ViMGAbspacCO-ViMGA aspabeng04a823.54 K962j1 aKyner, Peter B.10aEl jarrón azul / cPeter B. Kyner. aBogotá : bEditorial Skla, c2005. a37 p. ; 20 cm. aColección popular ; 1114aCuentos estadounidenses 14aExito - anecdotas, chistes, satiras14aMotivacion